000 00550nam a2200217Ia 4500
003 OSt
005 20220928144134.0
006 a|||||r|||| 00| 0
007 ta
008 220927b |||||||| |||| 00| 0 eng d
024 _a24480
037 _cTextual
040 _aSDCL
_cSDCL
_beng
041 _2eng
_aeng
082 _aQ11:g(Y15), L4
100 _aUpadhyaya Bhagwat Saran
_9395197
245 0 _aWoman in Rgveda.
260 _c1974
942 _hQ11:g(Y15), L4
_cTEXL
_2CC
999 _c826394
_d826394